| 000 | 00356pam a2200157a 44500 | ||
|---|---|---|---|
| 008 | 230515b1957 xxu||||| |||| 00| 0 eng d | ||
| 020 | _aNULL | ||
| 041 | _aENGLISH | ||
| 082 | _a1 | ||
| 100 | _aDWAN C,S | ||
| 245 | _aTEXT BOOK OF OBSTETRICS | ||
| 250 | _a1 | ||
| 260 |
_aAHMEDNAGAR _bN.D. _c1957 |
||
| 300 | _a100 | ||
| 650 | _aTEXT BOOK OF OBSTETRICS | ||
| 999 |
_c497035 _d497035 |
||